| 000 | 00364nam a2200145Ia 4500 | ||
|---|---|---|---|
| 008 | 150201s2002 xx 000 0 und d | ||
| 082 |
_a617.645 _bR2002D |
||
| 100 | _aDUGGAL | ||
| 245 | _aRESTORATIVE TECHNIQUES IN PEDIATRIC DENTISTRY | ||
| 250 | _a2ND | ||
| 260 |
_bINFORMA PUBLICATION _aU.K _c2002 |
||
| 300 | _a1-141 | ||
| 650 | _aPEDODONTICS | ||
| 942 |
_2ddc _cBK |
||
| 999 |
_c4559 _d4559 |
||